000 01087nam a2200301 i 4500
001 000036100
003 DO-SdBNP
005 20251008114543.0
007 ta
008 111209s1977 dr a 000 0 spa d
040 _aDO-SdBNP
_bspa
_cBNPHU
_erda
041 _aspa
082 4 _a759.97293
_bM647h
_222
100 _aMiller, Jeanette,
_eautor
_4aut.
_962137
245 1 0 _aHistoria de la pintura dominicana /
_cJeanette Miller ; prólogo, María Ugarte ; editor, Martín López ; fotografía, Onorio Montás.
264 1 _aSanto Domingo :
_bEditora Amigo del Hogar,
_c1977.
300 _a106 páginas :
_bilustraciones ;
_c28 cm.
336 _atexto
_btxt
_2rdacontent
337 _asin mediación
_bn
_2rdamedia
338 _avolumen
_bnc
_2rdacarrier
590 _aInventariado, 2018/LP
650 4 _aPintura dominicana
_xHistoria
_942690
700 1 _aUgarte, María,
_d1914-2011
_eprologuista
_4pr.
_924078
700 1 _aLópez, Martín,
_deditor
_4ed.
_962138
700 1 _aMontás, Onorio,
_efotográfo
_4fot.
_959042
910 _aValidado. Control de calidad MFF
942 _2ddc
_cLBS1
999 _c35591
_d35591